Statistics for Top 100 Girl Names of the Last 100 Years

Click here to take the quiz!

General Stats

  • This quiz has been taken 548 times
  • The average score is 58 of 100

Answer Stats

RankHintAnswer% Correct
1MMary
97%
5EElizabeth
88%
41KKatherine
86%
69AAnn
85%
44CCatherine
85%
3JJennifer
85%
75KKathryn
85%
78SSara
85%
9SSarah
85%
96JJane
84%
8JJessica
84%
2PPatricia
83%
49EEmma
82%
20EEmily
81%
36AAnna
76%
28LLaura
76%
58VVictoria
75%
54JJulie
74%
10MMargaret
74%
51MMaria
74%
6BBarbara
73%
4LLinda
73%
13LLisa
72%
47RRachel
72%
7SSusan
72%
73HHannah
71%
57JJoan
71%
81JJulia
71%
68OOlivia
70%
27RRebecca
68%
71AAlice
67%
33AAmy
67%
11KKaren
67%
29HHelen
66%
61LLauren
66%
12NNancy
66%
91RRose
65%
23AAmanda
64%
21CCarol
64%
42SSamantha
64%
25DDeborah
61%
46DDebra
61%
22MMichelle
61%
43CChristine
60%
48JJanet
60%
60CChristina
59%
93DDiana
59%
15DDorothy
59%
40NNicole
59%
37RRuth
59%
26SStephanie
59%
38BBrenda
58%
82GGrace
58%
70JJean
58%
53DDiane
57%
59KKelly
57%
80MMarie
57%
24MMelissa
56%
95NNatalie
55%
14BBetty
54%
16SSandra
54%
18KKimberly
53%
94AAbigail
52%
35AAngela
52%
19DDonna
52%
32KKathleen
52%
39PPamela
51%
17AAshley
49%
90DDanielle
49%
77TTeresa
49%
84TTheresa
49%
56EEvelyn
48%
30SSharon
48%
52HHeather
46%
66MMegan
46%
63MMartha
45%
64JJudith
43%
67AAndrea
41%
62FFrances
41%
79JJanice
40%
83JJudy
39%
85MMadison
39%
74DDoris
38%
92BBrittany
37%
89AAmber
36%
72JJacqueline
36%
100KKayla
36%
55JJoyce
35%
31CCynthia
33%
87DDenise
33%
34SShirley
33%
45VVirginia
33%
98AAlexis
30%
76GGloria
29%
99TTiffany
27%
50CCarolyn
26%
97LLori
25%
65CCheryl
24%
88MMarilyn
20%
86BBeverly
19%

Score Distribution

Percentile by Number Answered

Percent of People with Each Score

Your Score History

You have not taken this quiz